| 000 | 00674nam a2200229Ia 4500 | ||
|---|---|---|---|
| 003 | OSt | ||
| 005 | 20220926004735.0 | ||
| 006 | a|||||r|||| 00| 0 | ||
| 007 | ta | ||
| 008 | 220923b |||||||| |||| 00| 0 eng d | ||
| 037 | _cGeneral Book | ||
| 040 |
_aRTL _cRTL _beng |
||
| 041 |
_2eng _aeng |
||
| 082 | _aX9(Y):89Q8, N4 | ||
| 100 |
_aRust Raland T _9309166 |
||
| 245 | 0 |
_aService quality _b New directions in theory and practice |
|
| 260 |
_a New Delhi _bSaga publications India _c1994 |
||
| 300 |
_a289p _ccm. |
||
| 700 |
_a Oliver R L _9309167 |
||
| 942 |
_hX9(Y):89Q8, N4 _cGB _2CC |
||
| 999 |
_c612127 _d612127 |
||